| 000 | 01384cam a22003011i 4500 | ||
|---|---|---|---|
| 003 | SA-RiAUC | ||
| 005 | 20260415132217.0 | ||
| 008 | 260415s1998 su f b f00010dara c | ||
| 020 | _a9960032264 | ||
| 040 |
_aSA-JeALM _bara _cSA-RiAUC _erda |
||
| 082 | 0 | 4 |
_a410 _qSA-RiAUC |
| 090 |
_a410 _bي ن ب |
||
| 100 | 1 |
_aالينبعاوي، غنيم غانم عبد الكريم، _d1362-1440 هجري _eمؤلف. |
|
| 245 | 1 | 2 |
_aالدراسات اللغوية عند ابن مالك بين فقه اللغة وعلم اللغة / _cتأليف غنيم بن غانم عبد الكريم الينبعاوي. |
| 246 | 3 | 0 | _aفقه اللغة |
| 246 | 3 | 0 | _aعلم اللغة |
| 264 | 1 |
_aمكة المكرمة : _bجامعة أم القرى، معهد البحوث العلمية وإحياء التراث الإسلامي، _c1998 |
|
| 300 |
_a432 صفحة ؛ _c24 سم. |
||
| 336 |
_aنص _btxt _2rdacontent _3كتاب |
||
| 337 |
_aبدون وسيط _bn _2rdamedia |
||
| 490 | 0 |
_aسلسلة الرسائل العلمية الموصى بطبعها ؛ _v12 |
|
| 504 | _aببليوجرافية : صفحة 387-411. | ||
| 600 | 1 | 7 |
_aابن مالك، محمد بن عبد الله، _d600-672 هجري _2aucnm |
| 650 | 7 |
_aفقه اللغة العربية _2aucsh |
|
| 650 |
_aاللغة العربية _vالنحو |
||
| 942 |
_2ddc _cBOOK _n0 |
||
| 949 |
_aSA-JeALM _d260415 _uosman123 _n1 |
||
| 999 |
_c14791 _d14791 |
||